Magistratura e temas fundamentais do direito reforma trabalhista e direito intertemporal /

Bibliographic Details
Main Author: Ribeiro de Oliveira Silva, Jos ̌Antn̥io
Format: eBook
Language:Portuguese
Published: San Pablo: LTR, 2017
Subjects:
Online Access:Acceso restringido

MARC

LEADER 00000nam a22000007a 4500
005 2018050401451.0
007 cr|||| ||||
008 180504s2017 br |||||s|||| 00||0 por d
020 |a 978-85-361-9480-6 
035 |a 21574 
040 |a vLex 
090 |c 7904  |d 7904 
100 1 |a Ribeiro de Oliveira Silva, Jos ̌Antn̥io 
245 1 0 |a Magistratura e temas fundamentais do direito  |h [Recurso electrn̤ico] :  |b reforma trabalhista e direito intertemporal /  |c Jos ̌Antn̥io Ribeiro de Oliveira Silva 
256 |a Servicio en ln̕ea 
260 |a San Pablo:  |b LTR,  |c 2017 
300 |a 1 recurso electrn̤ico 
500 |a Escrita com base na dinḿica estabelecida pelo Conselho Nacional de Justiȧ para o ingresso na carreira da Magistratura, esta obra precursira trata de parte das matřias inseridas no programa do concurso, com a anl̀ise dos temas fundamentais do Direito. Agora, com a Lei da Reforma Trabalhista, o autor insere mais um capt̕ulo na obra para tratar de queste̳s relacionadas ao Direito Intertemporal, no que concerne a 20 institutos de direito material e processual do trabalho. Trata-se, portanto, de leitura indispensv̀el para todos aqueles que pretendem ingressar na Magistratura do Trabalho, bem como para os atores que militam na Justiȧ do Trabalho, tendo em vista que as queste̳s mais intrincadas da referida lei dizem respeito ̉sua aplicaȯ̂ aos contratos e processos em curso. 
506 1 |a Disponible solo en los productos indicados  |d vLex Global  |d vLex Global (Academic Edition, excluding Law Schools)  |d vLex Global (U.S. Academic Edition, Law Schools)  |d vLex Global (U.S. Academic Edition, excluding Law Schools)  |d vLex Global (Academic Edition, Law Schools) 
650 0 4 |a Derecho Laboral y Seguridad Social  |z Brasil 
650 0 4 |a Derecho Constitucional  |z Brasil 
740 0 |a vLex Libros (Servicio en ln̕ea) 
856 4 0 |u http://vlex.com/source/magistratura-e-temas-fundamentais-do-direito-reforma-trabalhista-e-direito-intertemporal-21574  |z Acceso restringido 
942 |c BOOK 
999 0 |a Labor Law and Social Security 
999 0 |a Constitutional Law